[Event "22e tournoi de Noël"]
[Site "Montigny le Bretonneux"]
[Date "2023.12.27"]
[Round "2.6"]
[White "Weens, William"]
[Black "Selores Granjo, Gilberto"]
[Result "0-1"]
[WhiteElo "1643"]
[BlackElo "1423"]
[Annotator "Rivier,Sylvain"]
[PlyCount "60"]
[EventDate "2023.??.??"]
[WhiteTeam "ECHECS 78"]
[BlackTeam "C.E. Fontenay le Fleury "]

{Défense sicilienne, variante du dragon} 1. e4 c5 2. Nf3 d6 3. d4 cxd4 4. Nxd4
Nf6 5. Nc3 g6 6. Bb5+ Bd7 7. Bxd7+ Nbxd7 8. Be3 Bg7 9. f3 O-O 10. Qd2 Ne5 11.
b3 d5 12. O-O dxe4 13. fxe4 Neg4 14. Rad1 Nxe3 15. Qxe3 Qb6 16. e5 Ng4 17. Qe4
Nxe5 18. Kh1 Rad8 19. Nd5 Qc5 20. c4 f5 21. Qh4 Rf6 22. Nxf6+ Bxf6 23. Qf4 Rd6
24. Nc2 Nd3 25. Rxd3 Rxd3 26. Qb8+ Kg7 27. Qxb7 Rd2 28. Nb4 Re2 29. Nd5 Qf2 30.
Rg1 Bd4 0-1

[Event "22e tournoi de Noël"]
[Site "Montigny le Bretonneux"]
[Date "2023.12.27"]
[Round "2.7"]
[White "Guimbault, Axel"]
[Black "Almeida, Oscar Coelho"]
[Result "0-1"]
[WhiteElo "1510"]
[BlackElo "1617"]
[Annotator "Rivier,Sylvain"]
[PlyCount "70"]
[EventDate "2023.??.??"]
[WhiteTeam "Caen Alekhine"]
[BlackTeam "Saint-Quentin en Yvelines"]

{Défense Caro-Kann, variante principale} 1. e4 c6 2. d4 d5 3. Nd2 dxe4 4. Nxe4
Bf5 5. Ng3 Bg6 6. Nf3 e6 7. Ne5 Bd6 8. Nxg6 hxg6 9. Ne4 Nf6 10. Nxd6+ Qxd6 11.
h3 Nbd7 12. Be2 O-O 13. O-O Rad8 14. c3 Nb6 15. a4 Nbd5 16. Qc2 a6 17. b3 Ne7
18. Ba3 Qc7 19. a5 Rd7 20. Bc5 Re8 21. Rfe1 Qf4 22. Bf3 Nf5 23. Qc1 Qh4 24. Qc2
Kh7 25. Rad1 Rh8 26. Re5 Kg8 27. Qd2 g5 28. g3 Qxh3 29. Qxg5 Qh2+ 30. Kf1 Rh3
31. Bg2 Nxg3+ 32. fxg3 Rxg3 33. Qd2 Ng4 34. Re2 Rd5 35. Qc2 Rxg2 0-1

[Event "22e tournoi de Noël"]
[Site "Montigny le Bretonneux"]
[Date "2023.12.27"]
[Round "2.8"]
[White "Kunne, Ronald"]
[Black "Phelippot, Gabriel"]
[Result "1-0"]
[WhiteElo "1587"]
[BlackElo "1199"]
[Annotator "Rivier,Sylvain"]
[PlyCount "69"]
[EventDate "2023.??.??"]
[WhiteTeam "Club d'Echecs d'Orsay"]
[BlackTeam "Kamogawa Chess Club"]

{Partie espagnole, variante d'échange} 1. e4 e5 2. Nf3 Nc6 3. Bb5 a6 4. Bxc6
dxc6 5. O-O Bd6 6. d4 Bg4 7. dxe5 Bxf3 8. Qxf3 Bxe5 9. Rd1 Qf6 10. Qxf6 Bxf6
11. f4 Rd8 12. Rxd8+ Kxd8 13. c3 Kc8 14. Be3 Be7 15. Nd2 Nf6 16. h3 Rd8 17. Kf2
Bc5 18. Ke2 Bxe3 19. Kxe3 h6 20. Nf3 Re8 21. e5 Nd5+ 22. Ke4 f6 23. g4 g5 24.
fxg5 fxg5 25. Nd4 c5 26. Kxd5 cxd4 27. cxd4 Kd7 28. Rf1 c6+ 29. Ke4 Ke6 30.
Rf6+ Kd7 31. Rxh6 Rf8 32. Rf6 Rxf6 33. exf6 Ke6 34. f7 Kxf7 35. Kf5 1-0

[Event "22e tournoi de Noël"]
[Site "Montigny le Bretonneux"]
[Date "2023.12.27"]
[Round "2.9"]
[White "Ralitera, Loic"]
[Black "Gauthier, Arnaud"]
[Result "1/2-1/2"]
[WhiteElo "1136"]
[BlackElo "1566"]
[Annotator "Rivier,Sylvain"]
[PlyCount "46"]
[EventDate "2023.??.??"]
[WhiteTeam "Villepreux Le Fou du Roi"]
[BlackTeam "C.E. Fontenay le Fleury "]

{Défense ouest-indienne} 1. d4 Nf6 2. c4 e6 3. Nf3 b6 4. g3 Bb7 5. Bg2 Be7 6.
O-O O-O 7. Nc3 d6 8. Qc2 Nbd7 9. e4 h6 10. Bf4 a6 11. Rfe1 c5 12. d5 e5 13. Bd2
Nh7 14. h3 Ndf6 15. Rab1 Rb8 16. a3 Bc8 17. b4 Bd7 18. b5 a5 19. Qa4 Qc8 20. h4
Bh3 21. Nh2 Bxg2 22. Kxg2 Ng4 23. Nf1 h5 1/2-1/2

[Event "22e tournoi de Noël"]
[Site "Montigny le Bretonneux"]
[Date "2023.12.27"]
[Round "2.10"]
[White "Perrier-Perrery, Philippe"]
[Black "Imbert, Christophe"]
[Result "0-1"]
[WhiteElo "1419"]
[BlackElo "1811"]
[Annotator "Rivier,Sylvain"]
[PlyCount "104"]
[EventDate "2023.??.??"]
[WhiteTeam "Ste Foy Echecs"]
[BlackTeam "Club d'Echecs du Vesinet"]

{Défense Grünfeld, variante Alekhine} 1. d4 Nf6 2. c4 g6 3. Nc3 d5 4. cxd5
Nxd5 5. e4 Nxc3 6. bxc3 Bg7 7. Bc4 c5 8. Be3 O-O 9. Rc1 Nc6 10. Ne2 cxd4 11.
cxd4 Qd7 12. O-O Na5 13. Bd5 e6 14. Bb3 b6 15. d5 Nxb3 16. Qxb3 exd5 17. Rfd1
Ba6 18. Nf4 d4 19. Nd5 Rac8 20. Rxc8 Rxc8 21. Bxd4 Bxd4 22. Rxd4 Rc1+ 23. Rd1
Rxd1+ 24. Qxd1 Qe6 25. Qd4 Bb7 26. Nf6+ Kg7 27. e5 Qc6 28. f3 Qc5 29. Qxc5 bxc5
30. Kf2 Ba6 31. Ke3 Bf1 32. g3 h6 33. Ne4 c4 34. Kd4 g5 35. Nd2 Be2 36. f4 gxf4
37. gxf4 Kg6 38. Nxc4 Bxc4 39. Kxc4 Kf5 40. Kd5 Kxf4 41. a4 h5 42. h4 Kf5 43.
a5 a6 44. Kd4 Kg4 45. Ke4 Kxh4 46. Kf4 Kh3 47. Kf3 h4 48. Kf2 Kg4 49. Kg2 h3+
50. Kh2 Kh4 51. Kh1 Kg3 52. Kg1 Kf4 0-1

[Event "22e tournoi de Noël"]
[Site "Montigny le Bretonneux"]
[Date "2023.12.27"]
[Round "2.11"]
[White "Martin, Gabriel"]
[Black "Nicol, Christian"]
[Result "1-0"]
[WhiteElo "1400"]
[BlackElo "1534"]
[Annotator "Rivier,Sylvain"]
[PlyCount "110"]
[EventDate "2023.??.??"]
[WhiteTeam "Club d'Echecs d'Orsay"]
[BlackTeam "Saint-Quentin en Yvelines"]

{Gambit dame} 1. d4 e6 2. c4 d5 3. Nc3 Nf6 4. Bg5 dxc4 5. e3 Nbd7 6. Bxc4 Nb6
7. Bd3 Be7 8. Nf3 Nfd5 9. Bxe7 Qxe7 10. O-O h6 11. Rc1 f6 12. Bg6+ Kf8 13. Bb1
a6 14. Nxd5 Nxd5 15. Re1 c6 16. Nh4 Kg8 17. Ng6 Qb4 18. Qd3 f5 19. Nxh8 Kxh8
20. Qc2 Bd7 21. a3 Qd6 22. Rcd1 Nf6 23. Qc5 Qc7 24. f3 b6 25. Qc2 c5 26. dxc5
Bb5 27. a4 Bc6 28. Ba2 Re8 29. b4 b5 30. axb5 Bxb5 31. Bc4 Qc6 32. Rd6 Qc8 33.
e4 fxe4 34. fxe4 e5 35. Bxb5 axb5 36. Qd3 Kh7 37. Qxb5 Rd8 38. Qb6 Rd7 39. Rxd7
Qxd7 40. c6 Qd6 41. Qc5 Qc7 42. h3 Kg8 43. Kh2 Kf7 44. b5 Ke6 45. b6 Qc8 46. c7
Nd7 47. Qc6+ Ke7 48. b7 Nb8 49. Qc5+ Kd7 50. Rd1+ Ke6 51. bxc8=Q+ Nd7 52. Qd6+
Kf7 53. Rf1+ Nf6 54. Rxf6+ gxf6 55. Qdf8+ Kg6 1-0

[Event "22e tournoi de Noël"]
[Site "Montigny le Bretonneux"]
[Date "2023.12.27"]
[Round "2.12"]
[White "Prevost, Yvan"]
[Black "Couradin, Jean-Marie"]
[Result "1/2-1/2"]
[WhiteElo "1272"]
[BlackElo "1410"]
[Annotator "Rivier,Sylvain"]
[PlyCount "121"]
[EventDate "2023.??.??"]
[WhiteTeam "Club d'Echecs de Guyancourt"]
[BlackTeam "La Dame Noire"]

{Défense française, variante d'avance} 1. e4 e6 2. d4 d5 3. e5 c5 4. c3 Ne7
5. f4 Nec6 6. Nf3 b6 7. Bd3 Ba6 8. Bxa6 Nxa6 9. a3 Be7 10. O-O O-O 11. Be3 cxd4
12. cxd4 Nc7 13. Nc3 b5 14. b4 a6 15. Rc1 Qd7 16. Nb1 Rac8 17. Nbd2 Na8 18. Nb3
Nb6 19. Nfd2 Nc4 20. Nxc4 dxc4 21. Nc5 Bxc5 22. dxc5 Rfd8 23. Qxd7 Rxd7 24.
Rfd1 Rxd1+ 25. Rxd1 Rd8 26. Rd6 Rxd6 27. cxd6 Kf8 28. Kf2 Ke8 29. Kf3 a5 30.
bxa5 Nxa5 31. Bd2 Nc6 32. Bc3 g6 33. g4 Kd7 34. h4 h6 35. h5 gxh5 36. gxh5 Nb8
37. Ke4 Kc6 38. f5 Nd7 39. fxe6 fxe6 40. Kd4 Nc5 41. Be1 Nb3+ 42. Kc3 Nc5 43.
Bh4 Nd3 44. Bg3 Nc5 45. Bf4 Ne4+ 46. Kc2 Kd7 47. Bxh6 Ng3 48. Kc3 Nxh5 49. Kb4
Kc6 50. d7 Kxd7 51. Kxb5 c3 52. Kb6 c2 53. a4 Kc8 54. Kc6 Ng7 55. Bg5 Nf5 56.
a5 Kb8 57. Kc5 Nh4 58. Kd6 Nf3 59. Be3 Nxe5 60. Kxe5 Ka8 61. Kxe6 1/2-1/2

[Event "22e tournoi de Noël"]
[Site "Montigny le Bretonneux"]
[Date "2023.12.27"]
[Round "2.13"]
[White "Richecoeur, Clemence"]
[Black "Rauche, Michel"]
[Result "1-0"]
[WhiteElo "1463"]
[BlackElo "1308"]
[Annotator "Rivier,Sylvain"]
[PlyCount "70"]
[EventDate "2023.??.??"]
[WhiteTeam "CE Le Roi Soleil - Le Chesnay - Versailles"]
[BlackTeam "C.E. Fontenay le Fleury "]

{Partie du pion dame} 1. d4 d5 2. Nf3 b6 3. Bf4 Nf6 4. c3 Nbd7 5. Nbd2 e6 6. h3
c5 7. e3 Be7 8. Bd3 c4 9. Bc2 O-O 10. e4 dxe4 11. Nxe4 Nd5 12. Bh2 N7f6 13. Qe2
b5 14. O-O Bb7 15. Nxf6+ Nxf6 16. a4 a6 17. axb5 axb5 18. Be5 Qb6 19. Ng5 Qc6
20. f3 h6 21. Bxf6 Bxf6 22. Nh7 Rfd8 23. Nxf6+ gxf6 24. Qf2 Kf8 25. Qh4 Ke7 26.
Qxh6 Rh8 27. Qe3 Rag8 28. Be4 Qb6 29. Bxb7 Qxb7 30. d5 Qxd5 31. Qa7+ Kf8 32.
Rfd1 Rxg2+ 33. Kxg2 Qg5+ 34. Kf2 Qh4+ 35. Ke2 Qxh3 1-0

[Event "22e tournoi de Noël"]
[Site "Montigny le Bretonneux"]
[Date "2023.12.27"]
[Round "2.14"]
[White "Garabedian, Christophe"]
[Black "Imbert, Nicolas"]
[Result "0-1"]
[WhiteElo "1199"]
[BlackElo "1399"]
[Annotator "Rivier,Sylvain"]
[PlyCount "70"]
[EventDate "2023.??.??"]
[WhiteTeam "La Dame Noire"]
[BlackTeam "Saint-Quentin en Yvelines"]

{Partie du pion dame} 1. d4 e6 2. Bf4 d5 3. Nf3 c5 4. e3 Nc6 5. Bd3 Qb6 6. Nc3
a6 7. Ne5 cxd4 8. exd4 Nxd4 9. Be3 Bc5 10. O-O Nc6 11. Bf4 Bd6 12. Re1 Bxe5 13.
Bxe5 Nxe5 14. Rxe5 Ne7 15. b3 O-O 16. Qg4 Ng6 17. Rh5 f5 18. Qh3 Nf4 19. Qh4
Nxh5 20. Qxh5 Qd4 21. Re1 Qxc3 22. Re3 Qf6 23. Rh3 Qg6 24. Qe2 b5 25. f4 Bb7
26. Rg3 Qf6 27. Rh3 Qa1+ 28. Kf2 Qd4+ 29. Kf1 Qxf4+ 30. Rf3 Qc1+ 31. Kf2 Rae8
32. Rh3 Qf4+ 33. Kg1 Qg4 34. Qf3 d4 35. Qe3 Qxg2# 0-1

[Event "22e tournoi de Noël"]
[Site "Montigny le Bretonneux"]
[Date "2023.12.27"]
[Round "2.15"]
[White "Taieb, Cedric"]
[Black "Lanfant, Kevin"]
[Result "0-1"]
[WhiteElo "1399"]
[BlackElo "1213"]
[Annotator "Rivier,Sylvain"]
[PlyCount "118"]
[EventDate "2023.??.??"]
[WhiteTeam "Saint-Quentin en Yvelines"]
[BlackTeam "La Dame Noire"]

{Défense hollandaise} 1. d4 f5 2. Bf4 d6 3. Nc3 Nf6 4. f3 g6 5. e4 Bg7 6. Bd3
fxe4 7. fxe4 O-O 8. Nf3 Nxe4 9. Bxe4 Rxf4 10. Qd2 Rf8 11. h4 Bg4 12. O-O-O c6
13. Rde1 d5 14. Bd3 Bxf3 15. gxf3 Bxd4 16. h5 Qd6 17. hxg6 Qf4 18. gxh7+ Kh8
19. Qxf4 Rxf4 20. Rxe7 Rf8 21. Ne2 Bc5 22. Rxb7 a5 23. Rh3 Na6 24. Rg3 Nb4 25.
Rg8+ Rxg8 26. hxg8=Q+ Kxg8 27. Bh7+ Kh8 28. a3 Na6 29. Nf4 Be3+ 30. Kb1 Bxf4
31. Bd3 Nc5 32. Rh7+ Kg8 33. Bf5 Rf8 34. Rh5 Kg7 35. Bg4 Re8 36. Rf5 Bh6 37.
Bh5 Re7 38. f4 Ne6 39. Re5 Bxf4 40. Re1 Kf6 41. Ka2 c5 42. Rf1 Kf5 43. Kb3 Nd4+
44. Ka4 Nxc2 45. Kxa5 d4 46. Rg1 c4 47. Bg6+ Ke5 48. Bxc2 Kd5 49. Rg4 Re2 50.
b3 Bc7+ 51. Ka4 Rxc2 52. b4 d3 53. Rg5+ Be5 54. b5 d2 55. Rg8 d1=Q 56. Rd8+ Bd6
57. b6 Ra2+ 58. Ka5 Rxa3+ 59. Kb5 Qb3# 0-1

[Event "22e tournoi de Noël"]
[Site "Montigny le Bretonneux"]
[Date "2023.12.27"]
[Round "2.16"]
[White "Neveu, Raphael"]
[Black "Durez, Gerard"]
[Result "0-1"]
[WhiteElo "1199"]
[BlackElo "1378"]
[Annotator "Rivier,Sylvain"]
[PlyCount "122"]
[EventDate "2023.??.??"]
[WhiteTeam "La Dame Noire"]
[BlackTeam "La Dame Noire"]

{Défense Caro-Kann, variante d'avance} 1. e4 c6 2. d4 d5 3. e5 Bf5 4. Nf3 Bg4
5. Be2 e6 6. Nbd2 Nd7 7. c3 Ne7 8. c4 Ng6 9. h3 Bxf3 10. Nxf3 Be7 11. O-O O-O
12. c5 b6 13. b4 a5 14. bxa5 bxc5 15. dxc5 Bxc5 16. Qc2 Qxa5 17. Bd2 Qa7 18.
Bd3 Qc7 19. Rfe1 Rfe8 20. h4 Ndxe5 21. Nxe5 Nxe5 22. Kf1 Nxd3 23. Qxd3 e5 24.
Qf5 e4 25. h5 Bd4 26. Rac1 Qd6 27. Bc3 Bxc3 28. Rxc3 Re5 29. Qf4 Qe6 30. Rec1
e3 31. Rxc6 e2+ 32. Ke1 Qe8 33. Qg4 Re6 34. Rc7 Rd8 35. R1c2 d4 36. Rxe2 Rxe2+
37. Qxe2 Qf8 38. Qe7 Re8 39. Qxe8 Qxe8+ 40. Kd2 f5 41. Rc4 Qe4 42. g3 Qe5 43.
a4 Kf7 44. Kc2 Kf6 45. Kb3 d3 46. Rb4 d2 47. Rb6+ Kg5 48. f4+ Kg4 49. fxe5
d1=Q+ 50. Kb4 Qd4+ 51. Kb5 Qxe5+ 52. Kb4 Qd4+ 53. Kb5 Qc3 54. a5 Qd3+ 55. Kc6
Kxg3 56. a6 f4 57. a7 f3 58. Kc7 f2 59. a8=Q f1=Q 60. Rd6 Qf7+ 61. Kc8 Qf8+ 0-1

[Event "22e tournoi de Noël"]
[Site "Montigny le Bretonneux"]
[Date "2023.12.27"]
[Round "2.17"]
[White "Ralitera, Haja"]
[Black "Laot, Celestin"]
[Result "0-1"]
[WhiteElo "1362"]
[BlackElo "1199"]
[Annotator "Rivier,Sylvain"]
[PlyCount "60"]
[EventDate "2023.??.??"]
[WhiteTeam "Villepreux Le Fou du Roi"]
[BlackTeam "Club d'Echecs de Triel sur Seine"]

{Gambit dame refusé} 1. d4 d5 2. c4 e6 3. Nf3 a6 4. a4 Nf6 5. g3 Bd6 6. Bg2
O-O 7. c5 Be7 8. O-O b6 9. b4 a5 10. Ba3 axb4 11. Bxb4 Na6 12. Qb3 bxc5 13.
dxc5 Rb8 14. Qc2 Rxb4 15. Nbd2 Nxc5 16. Ne5 Qd6 17. f4 Nfe4 18. Nxe4 Nxe4 19.
Nc6 Qc5+ 20. Qxc5 Bxc5+ 21. Kh1 Rb6 22. Ne5 Nf2+ 23. Kg1 Ng4+ 24. Kh1 Nxe5 25.
fxe5 Bd4 26. Ra2 Bxe5 27. a5 Ra6 28. Rc1 Bd7 29. e3 Rfa8 30. Rb1 h6 0-1

[Event "22e tournoi de Noël"]
[Site "Montigny le Bretonneux"]
[Date "2023.12.27"]
[Round "2.18"]
[White "Un, Prathna"]
[Black "Barthere, Gilles"]
[Result "0-1"]
[WhiteElo "1199"]
[BlackElo "1353"]
[Annotator "Rivier,Sylvain"]
[PlyCount "58"]
[EventDate "2023.??.??"]
[WhiteTeam "La Dame Noire"]
[BlackTeam "CE Le Roi Soleil - Le Chesnay - Versailles"]

{Défense sicilienne, variante Najdorf} 1. e4 c5 2. Nf3 d6 3. d4 cxd4 4. Nxd4
Nf6 5. Nc3 a6 6. Bf4 e5 7. Bg5 exd4 8. e5 dxe5 9. Qe2 dxc3 10. Qxe5+ Be6 11.
bxc3 Be7 12. f4 Nc6 13. Qe3 O-O 14. Bd3 Nd5 15. Qe4 g6 16. c4 Ndb4 17. a3 Nxd3+
18. cxd3 Bxg5 19. fxg5 Bf5 20. Qe3 Qxd3 21. Qxd3 Bxd3 22. Rd1 Rfe8+ 23. Kd2
Bxc4 24. Kc3 Be6 25. Rb1 b5 26. Rhc1 Red8 27. Kb2 Rac8 28. Ka1 Rd2 29. Rg1 Ra2#
0-1

[Event "22e tournoi de Noël"]
[Site "Montigny le Bretonneux"]
[Date "2023.12.27"]
[Round "2.19"]
[White "Marandas, Yanis"]
[Black "Couradin, Bruno"]
[Result "1/2-1/2"]
[WhiteElo "1099"]
[BlackElo "1338"]
[Annotator "Rivier,Sylvain"]
[PlyCount "125"]
[EventDate "2023.??.??"]
[WhiteTeam "Reims Echec et Mat"]
[BlackTeam "La Dame Noire"]

{Début Réti, système Barcza} 1. Nf3 d5 2. g3 Nf6 3. Bg2 Nc6 4. d3 e5 5. Nbd2
Bd6 6. O-O O-O 7. e4 Be6 8. Re1 Qd7 9. Ng5 dxe4 10. dxe4 h6 11. Nxe6 Qxe6 12.
Nb3 Rad8 13. Qe2 Nd4 14. Nxd4 exd4 15. e5 Rde8 16. f4 Bc5 17. Kh1 Nd5 18. Qe4
c6 19. Rf1 Ne3 20. Bxe3 dxe3 21. a3 Rd8 22. Rfd1 Bb6 23. f5 Qe7 24. Bf3 Rfe8
25. f6 Qxe5 26. Qxe5 Rxe5 27. Rxd8+ Bxd8 28. fxg7 Kxg7 29. Re1 Bb6 30. Bg2 Rf5
31. b3 Rf2 32. c4 Bd4 33. h3 Bc3 34. Rxe3 Bf6 35. Rd3 Rb2 36. b4 Ra2 37. Kg1
Kf8 38. Rd7 Rxa3 39. Rxb7 Ra6 40. c5 Be5 41. Kh2 f6 42. b5 cxb5 43. c6 Ra3 44.
c7 Rc3 45. Rb8+ Ke7 46. c8=Q Rxc8 47. Rxc8 a5 48. Rc5 b4 49. Rxa5 Bc7 50. Ra7
Kd7 51. Kg1 Kc8 52. Rxc7+ Kxc7 53. Bd5 Kd6 54. Ba2 Ke5 55. Kf2 Ke4 56. Ke2 h5
57. Bb3 Kf5 58. Kf3 Kg5 59. Ba2 f5 60. Bb3 h4 61. gxh4+ Kxh4 62. Kf4 Kxh3 63.
Kxf5 1/2-1/2

[Event "22e tournoi de Noël"]
[Site "Montigny le Bretonneux"]
[Date "2023.12.27"]
[Round "2.20"]
[White "Bouloc, Roger"]
[Black "Carbonero, Jean Marc"]
[Result "1-0"]
[WhiteElo "1335"]
[BlackElo "1009"]
[Annotator "Rivier,Sylvain"]
[PlyCount "45"]
[EventDate "2023.??.??"]
[WhiteTeam "La Dame Noire"]
[BlackTeam "Saint-Quentin en Yvelines"]

{Partie espagnole, variante Cordel} 1. e4 e5 2. Nf3 Nc6 3. Bb5 Bc5 4. c3 Nge7
5. O-O O-O 6. d4 exd4 7. cxd4 Bb6 8. Bg5 a6 9. Bc4 h6 10. Bh4 d6 11. h3 Bd7 12.
Nc3 Ba5 13. a3 b5 14. Bd5 Qb8 15. Bxe7 Re8 16. Bh4 Bb6 17. e5 dxe5 18. Nxe5 Qb7
19. Nxd7 g5 20. Nf6+ Kf8 21. Nxe8 Rxe8 22. Qf3 gxh4 23. Qxf7# 1-0

[Event "22e tournoi de Noël"]
[Site "Montigny le Bretonneux"]
[Date "2023.12.28"]
[Round "3.1"]
[White "Almeida, Oscar Coelho"]
[Black "Appavou, Calixte"]
[Result "1/2-1/2"]
[WhiteElo "1617"]
[BlackElo "1747"]
[Annotator "Rivier,Sylvain"]
[PlyCount "87"]
[EventDate "2023.??.??"]
[WhiteTeam "Saint-Quentin en Yvelines"]
[BlackTeam "Saint-Quentin en Yvelines"]

{Défense scandinave} 1. e4 d5 2. exd5 Nf6 3. d4 Nxd5 4. c4 Nb6 5. Nc3 e6 6. a3
c5 7. Be3 cxd4 8. Bxd4 Nc6 9. Nf3 Nxd4 10. Qxd4 Qxd4 11. Nxd4 a6 12. Be2 Be7
13. O-O O-O 14. b4 Bf6 15. Rad1 Rd8 16. Nb3 Bd7 17. Ne4 Be7 18. Na5 Bc6 19.
Nxc6 bxc6 20. c5 Nd5 21. Bf3 a5 22. bxa5 Rxa5 23. Rd3 Rda8 24. Rb1 Bxc5 25.
Nxc5 Rxc5 26. g3 g6 27. Bxd5 exd5 28. Rb7 Rca5 29. Rc7 Rxa3 30. Rxa3 Rxa3 31.
Rxc6 Kf8 32. Rc8+ Ke7 33. Kf1 h5 34. Ke2 Ra2+ 35. Ke1 Ra7 36. Ke2 Kd7 37. Rb8
Kd6 38. Ke3 Re7+ 39. Kd2 Ke5 40. Ke3 Ra7 41. Re8+ Kd6 42. Rd8+ Rd7 43. Rc8 Re7+
44. Kd2 1/2-1/2

[Event "22e tournoi de Noël"]
[Site "Montigny le Bretonneux"]
[Date "2023.12.28"]
[Round "3.2"]
[White "Kvashyna, Tetyana"]
[Black "Kunne, Ronald"]
[Result "1/2-1/2"]
[WhiteElo "1708"]
[BlackElo "1587"]
[Annotator "Rivier,Sylvain"]
[PlyCount "70"]
[EventDate "2023.??.??"]
[WhiteTeam "Arcueil Chessland"]
[BlackTeam "Club d'Echecs d'Orsay"]

{Partie du pion dame} 1. d4 d5 2. Nf3 Nf6 3. e3 e6 4. Bd3 c5 5. b3 Nc6 6. Bb2
Ne4 7. O-O Bd6 8. Ne5 Qh4 9. Nd2 Nxd2 10. Qxd2 O-O 11. a3 f6 12. g3 Qh3 13.
Nxc6 bxc6 14. f4 f5 15. Rf2 Rf7 16. Bf1 Qg4 17. Qc3 Be7 18. Qa5 h5 19. dxc5 h4
20. Be2 Qg6 21. Rg2 h3 22. Rf2 Bf6 23. Bd4 Re7 24. Qc3 a5 25. Bf1 Qh6 26. Bxf6
gxf6 27. Rd1 Ba6 28. Qxa5 Rea7 29. Qb6 Bxf1 30. Rdxf1 Ra6 31. Qc7 R8a7 32. Qd6
Kf7 33. a4 Qh8 34. e4 Qe8 35. exd5 exd5 1/2-1/2

[Event "22e tournoi de Noël"]
[Site "Montigny le Bretonneux"]
[Date "2023.12.28"]
[Round "3.3"]
[White "Moula, Guillaume"]
[Black "Artieres, Michel"]
[Result "0-1"]
[WhiteElo "1514"]
[BlackElo "1665"]
[Annotator "Rivier,Sylvain"]
[PlyCount "84"]
[EventDate "2023.??.??"]
[WhiteTeam "La Dame Noire"]
[BlackTeam "La Dame Noire"]

{Défense sicilienne} 1. e4 c5 2. Nf3 e6 3. Nc3 Nc6 4. a3 a6 5. Be2 Qc7 6. O-O
Nf6 7. h3 Be7 8. Re1 O-O 9. Bf1 Ne5 10. d3 b6 11. Nxe5 Qxe5 12. f4 Qc7 13. e5
Ne8 14. Qf3 Bb7 15. Qg4 g6 16. Ne4 f5 17. exf6 Nxf6 18. Nxf6+ Bxf6 19. h4 Bd4+
20. Kh1 Rf5 21. c3 Bf2 22. Re5 Rxe5 23. fxe5 Qxe5 24. Bg5 Qg3 25. Qxg3 Bxg3 26.
Be2 Rf8 27. Rf1 Rxf1+ 28. Bxf1 Kf7 29. Be2 Be5 30. Bf3 Bxf3 31. gxf3 Bf6 32.
Kg2 Bxg5 33. hxg5 e5 34. Kg3 Ke6 35. Kg4 b5 36. b3 a5 37. c4 a4 38. bxa4 b4 39.
axb4 cxb4 40. a5 Kd6 41. f4 b3 42. fxe5+ Kc7 0-1

[Event "22e tournoi de Noël"]
[Site "Montigny le Bretonneux"]
[Date "2023.12.28"]
[Round "3.4"]
[White "Selores Granjo, Gilberto"]
[Black "Mourgues, Joelle"]
[Result "1/2-1/2"]
[WhiteElo "1423"]
[BlackElo "1522"]
[Annotator "Rivier,Sylvain"]
[PlyCount "61"]
[EventDate "2023.??.??"]
[WhiteTeam "C.E. Fontenay le Fleury Les Fous Furieux"]
[BlackTeam "Saint-Quentin en Yvelines"]

{Défense sicilienne} 1. e4 c5 2. Nc3 d6 3. Bc4 e6 4. Bb5+ Nc6 5. f4 Be7 6. Nf3
Nf6 7. O-O O-O 8. Bxc6 bxc6 9. d3 Qc7 10. e5 Nd5 11. Ne4 f5 12. exd6 Bxd6 13.
Nxd6 Qxd6 14. Ne5 Ba6 15. b3 Rad8 16. Qh5 Rf6 17. Rf3 Nb4 18. Bb2 Nxc2 19. Rh3
h6 20. Rf1 Nd4 21. Bxd4 Qxd4+ 22. Kh1 Bb7 23. Rg3 Qd6 24. Rff3 c4 25. bxc4 c5
26. Re3 Qd4 27. h3 Qxf4 28. Ng6 Qd4 29. Ne7+ Kf8 30. Ng6+ Kg8 31. Ne7+ 1/2-1/2

[Event "22e tournoi de Noël"]
[Site "Montigny le Bretonneux"]
[Date "2023.12.28"]
[Round "3.5"]
[White "Imbert, Christophe"]
[Black "Ralitera, Loic"]
[Result "1-0"]
[WhiteElo "1811"]
[BlackElo "1136"]
[Annotator "Rivier,Sylvain"]
[PlyCount "91"]
[EventDate "2023.??.??"]
[WhiteTeam "Club d'Echecs du Vesinet"]
[BlackTeam "Villepreux "]

{Défense Caro-Kann} 1. e4 c6 2. d4 d5 3. Nc3 dxe4 4. Nxe4 Nf6 5. Nxf6+ exf6 6.
c3 Bd6 7. Bd3 O-O 8. Ne2 Be6 9. Be3 Nd7 10. Qc2 h6 11. c4 Re8 12. O-O Rc8 13.
Rfe1 Bb8 14. Qd2 Nb6 15. b3 Qc7 16. Bf4 Qd7 17. a4 Bxf4 18. Nxf4 Bf5 19. a5 Na8
20. Bxf5 Qxf5 21. g3 Nc7 22. Qb4 Rb8 23. Rxe8+ Nxe8 24. a6 Qd7 25. d5 b6 26.
dxc6 Qxc6 27. Nd5 Qc5 28. Re1 Qxb4 29. Nxb4 Nc7 30. Re7 Rc8 31. Nd5 Nxd5 32.
cxd5 Kf8 33. Rxa7 Rb8 34. Rb7 Ra8 35. a7 Rxa7 36. Rxa7 g6 37. d6 Ke8 38. Re7+
Kf8 39. Re1 h5 40. d7 Kg7 41. d8=Q g5 42. Re8 Kg6 43. Rg8+ Kf5 44. Qd5+ Kg4 45.
Kg2 f5 46. Qf3# 1-0

[Event "22e tournoi de Noël"]
[Site "Montigny le Bretonneux"]
[Date "2023.12.28"]
[Round "3.6"]
[White "Claisse, Patrick"]
[Black "Martin, Gabriel"]
[Result "1/2-1/2"]
[WhiteElo "1659"]
[BlackElo "1400"]
[Annotator "Rivier,Sylvain"]
[PlyCount "56"]
[EventDate "2023.??.??"]
[WhiteTeam "CE Le Roi Soleil - Le Chesnay - Versailles"]
[BlackTeam "Club d'Echecs d'Orsay"]

{Défense sicilienne, variante Löwenthal} 1. e4 c5 2. Nf3 Nc6 3. d4 cxd4 4.
Nxd4 e5 5. Nb5 d6 6. c4 Nf6 7. N1c3 a6 8. Na3 h6 9. Nc2 Be7 10. Be2 Be6 11. O-O
O-O 12. Be3 Qc7 13. Nd5 Bxd5 14. cxd5 Nb8 15. f3 Nbd7 16. Ne1 Rfc8 17. Rc1 Qd8
18. Nd3 Rxc1 19. Qxc1 Rc8 20. Qd2 Nh7 21. Rc1 Bg5 22. f4 exf4 23. Bxf4 Rxc1+
24. Qxc1 Bxf4 25. Qxf4 Qb6+ 26. Qf2 Nhf6 27. Qxb6 Nxb6 28. Bf3 Kf8 1/2-1/2

[Event "22e tournoi de Noël"]
[Site "Montigny le Bretonneux"]
[Date "2023.12.28"]
[Round "3.7"]
[White "Gauthier, Arnaud"]
[Black "Lim, Chin"]
[Result "0-1"]
[WhiteElo "1566"]
[BlackElo "1885"]
[Annotator "Rivier,Sylvain"]
[PlyCount "66"]
[EventDate "2023.??.??"]
[WhiteTeam "C.E. Fontenay le Fleury Les Fous Furieux"]
[BlackTeam "La Dame Noire"]

{Défense est-indienne, variante du fianchetto principale} 1. d4 Nf6 2. c4 g6
3. Nf3 Bg7 4. g3 d6 5. Bg2 O-O 6. Nc3 c6 7. O-O Qc7 8. e4 Nbd7 9. h3 e5 10. Be3
a6 11. Qd2 b5 12. cxb5 axb5 13. dxe5 dxe5 14. Qc2 Ba6 15. Rfd1 Rfe8 16. Nd5 Qb7
17. Nxf6+ Bxf6 18. Rd6 c5 19. Rad1 Rad8 20. Nh2 Be7 21. R6d5 Qc7 22. f4 Bb7 23.
R5d2 c4 24. Ng4 h5 25. Nxe5 Nxe5 26. Rxd8 Rxd8 27. Rxd8+ Bxd8 28. fxe5 Qxe5 29.
Bf4 Bb6+ 30. Kh2 Qd4 31. Qb1 Qf2 32. h4 Bd4 33. Kh3 Bxb2 0-1